2016 MLB Playoff Lineups - Statistics

General Stats
  • This quiz has been taken 46 times
  • The average score is 65 of 127
Answer Stats
Hint Hint Answer % Correct
Chicago Cubs 1B Anthony Rizzo
96%
Chicago Cubs 3B Kris Bryant
96%
Chicago Cubs SS Addison Russell
91%
San Francisco Giants C Buster Posey
91%
Chicago Cubs 2B Javier Baez
91%
Washington Nationals RF Bryce Harper
87%
Los Angeles Dodgers SS Corey Seager
87%
Los Angeles Dodgers MGR Dave Roberts
87%
Cleveland Indians SS Francisco Lindor
87%
Boston Red Sox 1B Hanley Ramirez
87%
Chicago Cubs SP Jon Lester
87%
Toronto Blue Jays RF Jose Bautista
87%
Cleveland Indians 3B Jose Ramirez
87%
Los Angeles Dodgers 3B Justin Turner
87%
Washington Nationals SP Max Scherzer
87%
Washington Nationals CF Trea Turner
87%
Baltimore Orioles CF Adam Jones
83%
Baltimore Orioles 1B Chris Davis
83%
Los Angeles Dodgers SP Clayton Kershaw
83%
Chicago Cubs CF Dexter Fowler
83%
Chicago Cubs SP Jake Arrieta
83%
Boston Red Sox RF Mookie Betts
83%
Cleveland Indians CF Rajai Davis
83%
Toronto Blue Jays C Russell Martin
83%
Washington Nationals 1B Ryan Zimmerman
83%
Chicago Cubs C Willson Contreras
83%
Texas Rangers 3B Adrian Beltre
78%
Los Angeles Dodgers 1B Adrian Gonzalez
78%
San Francisco Giants 1B Brandon Belt
78%
San Francisco Giants SS Brandon Crawford
78%
Boston Red Sox DH David Ortiz
78%
Boston Red Sox 2B Dustin Pedroia
78%
Washington Nationals SP Gio Gonzalez
78%
Toronto Blue Jays 3B Josh Donaldson
78%
Boston Red Sox SS Xander Bogaerts
78%
Chicago Cubs LF Ben Zobrist
74%
Chicago Cubs RF Jason Heyward
74%
Toronto Blue Jays 1B Edwin Encarnacion
70%
Texas Rangers SS Elvis Andrus
70%
Chicago Cubs MGR Joe Maddon
70%
Chicago Cubs SP John Lackey
70%
Chicago Cubs SP Kyle Hendricks
70%
Washington Nationals 3B Anthony Rendon
65%
Cleveland Indians SP Corey Kluber
65%
Washington Nationals 2B Daniel Murphy
65%
Boston Red Sox CF Jackie Bradley Jr.
65%
San Francisco Giants SP Madison Bumgarner
65%
Baltimore Orioles 3B Manny Machado
65%
Texas Rangers 2B Rougned Odor
65%
Cleveland Indians DH Carlos Santana
61%
Baltimore Orioles SS J.J. Hardy
61%
New York Mets SP Noah Syndergaard
61%
Cleveland Indians MGR Terry Francona
61%
Cleveland Indians SP Trevor Bauer
61%
Toronto Blue Jays SS Troy Tulowitzki
61%
Boston Red Sox LF Andrew Benintendi
57%
Boston Red Sox SP David Price
57%
Baltimore Orioles DH Mark Trumbo
57%
Los Angeles Dodgers C Yasmani Grandal
57%
New York Mets LF Yoenis Cespedes
57%
San Francisco Giants RF Hunter Pence
52%
Cleveland Indians 2B Jason Kipnis
52%
Washington Nationals LF Jayson Werth
52%
Boston Red Sox SP Rick Porcello
52%
New York Mets MGR Terry Collins
52%
San Francisco Giants MGR Bruce Bochy
48%
Texas Rangers SP Cole Hamels
48%
Los Angeles Dodgers CF Joc Pederson
48%
San Francisco Giants 2B Joe Panik
48%
Washington Nationals SP Joe Ross
48%
San Francisco Giants SP Johnny Cueto
48%
New York Mets 3B Jose Reyes
48%
Cleveland Indians 1B Mike Napoli
48%
Texas Rangers 1B Mitch Moreland
48%
Baltimore Orioles MGR Buck Showalter
43%
San Francisco Giants CF Denard Span
43%
Washington Nationals MGR Dusty Baker
43%
Baltimore Orioles C Matt Wieters
43%
Cleveland Indians C Roberto Perez
43%
Boston Red Sox C Sandy Leon
43%
New York Mets CF Curtis Granderson
39%
Baltimore Orioles 2B Jonathan Schoop
39%
Texas Rangers LF Carlos Gomez
35%
Los Angeles Dodgers 2B Chase Utley
35%
Boston Red Sox MGR John Farrell
35%
Toronto Blue Jays CF Kevin Pillar
35%
Cleveland Indians RF Lonnie Chisenhall
35%
Toronto Blue Jays SP Marcus Stroman
35%
Baltimore Orioles SP Chris Tillman
30%
Texas Rangers CF Ian Desmond
30%
Toronto Blue Jays MGR John Gibbons
30%
Texas Rangers C Jonathan Lucroy
30%
Washington Nationals SP Tanner Roark
30%
Los Angeles Dodgers LF Andrew Toles
26%
San Francisco Giants LF Angel Pagan
26%
Boston Red Sox 3B Brock Holt
26%
Washington Nationals SS Danny Espinosa
26%
Toronto Blue Jays SP J.A. Happ
26%
San Francisco Giants SP Jeff Samardzija
26%
Los Angeles Dodgers SP Julio Urias
26%
Los Angeles Dodgers SP Kenta Maeda
26%
Texas Rangers RF Nomar Mazara
26%
Los Angeles Dodgers SP Rich Hill
26%
Toronto Blue Jays SP Aaron Sanchez
22%
New York Mets SS Asdrubal Cabrera
22%
Toronto Blue Jays 2B Darwin Barney
22%
Baltimore Orioles LF Hyun Soo Kim
22%
Texas Rangers MGR Jeff Banister
22%
Texas Rangers SP Yu Darvish
22%
Texas Rangers DH Carlos Beltran
17%
Boston Red Sox SP Clay Buchholz
17%
Texas Rangers SP Colby Lewis
17%
Los Angeles Dodgers RF Josh Reddick
17%
Toronto Blue Jays SP Marco Estrada
17%
Baltimore Orioles RF Michael Bourn
17%
Cleveland Indians LF Coco Crisp
13%
New York Mets RF Jay Bruce
13%
Washington Nationals C Pedro Severino
13%
New York Mets C Rene Rivera
13%
New York Mets 2B T.J. Rivera
13%
New York Mets 1B James Loney
9%
Cleveland Indians SP Josh Tomlin
9%
Toronto Blue Jays DH Michael Saunders
9%
San Francisco Giants 3B Conor Gillespie
4%
Toronto Blue Jays LF Ezequiel Carrera
4%
San Francisco Giants SP Matt Moore
4%
Cleveland Indians SP Ryan Merritt
4%
No matching quizzes found
Score Distribution
Percent of People with Each Score
Percentile by Number Answered
Your Score History
You have not taken this quiz